[Event "FIDE Women's World Teams"]
[Site "Astana KAZ"]
[Date "2013.03.04"]
[Round "2.4"]
[White "L'Ami,Alina"]
[Black "Gaponenko,I"]
[Result "1/2-1/2"]
[WhiteElo "2353"]
[BlackElo "2421"]
[EventDate "2013.03.03"]

1. d4 Nf6 2. c4 e6 3. Nc3 Bb4 4. Qc2 O-O 5. e4 d5 6. e5 Ne4 7. Bd3 c5 8. Ne2
cxd4 9. Nxd4 Nd7 10. Bf4 Qh4 11. g3 Qh5 12. cxd5 exd5 13. O-O Nxe5 14. Bxe5 Qxe5
15. Nf3 Qh5 16. Nxd5 Nd2 17. Nxd2 Qxd5 18. Nc4 Qh5 19. Be2 Qf5 20. Bd3 Qh5 21.
Be2 Qf5 22. Bd3 1/2-1/2

[Event "FIDE Women's World Teams"]
[Site "Astana KAZ"]
[Date "2013.03.05"]
[Round "3.1"]
[White "Foisor,C"]
[Black "Karavade,E"]
[Result "1/2-1/2"]
[WhiteElo "2401"]
[BlackElo "2387"]
[EventDate "2013.03.03"]

1. c4 e6 2. g3 d5 3. Nf3 Nf6 4. Bg2 Be7 5. O-O O-O 6. d4 dxc4 7. Qc2 a6 8. a4
Bd7 9. Qxc4 Bc6 10. Bg5 Bd5 11. Qc2 Be4 12. Qc1 h6 13. Bxf6 Bxf6 14. Nc3 Bxf3
15. Bxf3 c6 16. e3 a5 17. Be4 Na6 18. Rd1 Nb4 19. Bb1 Qb6 20. Na2 Rfd8 21. Nxb4
Qxb4 22. Qc2 g6 23. Ra3 c5 24. dxc5 Rxd1+ 25. Qxd1 Rd8 26. Rd3 Rxd3 27. Bxd3
Bxb2 28. Qc2 Kg7 29. Be4 Bc3 30. Bxb7 Qxc5 31. Be4 Bb4 1/2-1/2

[Event "FIDE Women's World Teams"]
[Site "Astana KAZ"]
[Date "2013.03.05"]
[Round "3.2"]
[White "Mohota,N"]
[Black "Bulmaga,I"]
[Result "0-1"]
[WhiteElo "2325"]
[BlackElo "2354"]
[EventDate "2013.03.03"]

1. d4 Nf6 2. c4 e6 3. Nc3 Bb4 4. e3 O-O 5. Ne2 d5 6. a3 Bd6 7. Ng3 c5 8. dxc5
Bxc5 9. b4 Be7 10. Bb2 dxc4 11. Bxc4 a5 12. b5 Qxd1+ 13. Rxd1 a4 14. O-O Nbd7
15. Nce4 Nxe4 16. Nxe4 Nb6 17. Be2 Nd5 18. Ng3 Ra5 19. e4 Nc7 20. Bc3 Ra8 21.
Be5 Ne8 22. Bb2 f6 23. Rd2 Bc5 24. Rfd1 Nc7 25. Bc4 b6 26. Nh5 Be7 27. h3 Kf7
28. Ng3 g6 29. f4 Ne8 30. Kh2 Ng7 31. Be2 Ra7 32. e5 f5 33. Bf3 Bb7 34. Bxb7
Rxb7 35. Ne2 Rc8 36. Nd4 Rc5 37. Kg3 g5 38. fxg5 Bxg5 39. Rd3 Nh5+ 40. Kf3 Nf4
41. Rc3 Ng6 42. Kg3 Rd7 43. Rf3 Nxe5 44. Rff1 Nc4 45. Nxe6 Kxe6 46. Rfe1+ Be3
47. Rxe3+ Nxe3 48. Re1 Rd3 49. Kf3 Rxb5 50. Bc1 Rbb3 51. Kf4 Rd4+ 52. Kf3 Re4
53. Bxe3 Rxa3 54. g4 Rexe3+ 0-1

[Event "FIDE Women's World Teams"]
[Site "Astana KAZ"]
[Date "2013.03.05"]
[Round "3.3"]
[White "Cosma,E"]
[Black "Gomes,Mary"]
[Result "1/2-1/2"]
[WhiteElo "2336"]
[BlackElo "2387"]
[EventDate "2013.03.03"]

1. d4 Nf6 2. Nf3 e6 3. g3 c5 4. Bg2 Nc6 5. O-O cxd4 6. Nxd4 a6 7. c4 Qc7 8. Nb3
d6 9. Bf4 Nh5 10. Bd2 Be7 11. Nc3 Nf6 12. Rc1 Ne5 13. Na4 Nc6 14. Be3 Nd7 15.
Bf4 Nde5 16. Be3 Bd7 17. Nb6 Rd8 18. h3 Bc8 19. Qd2 O-O 20. Rfd1 Qb8 21. Bg5
Bxg5 22. Qxg5 Nd7 23. Nxc8 Rxc8 24. Qd2 Nc5 25. Qxd6 Nxb3 26. Qxb8 Nxb8 27. axb3
Rc7 28. Rd6 Nc6 29. Rcd1 g6 30. Bxc6 Rxc6 31. Rxc6 bxc6 32. e3 Rb8 33. Rd6 Rxb3
34. Rxc6 Rxb2 35. Rxa6 Rc2 36. Rc6 Kg7 37. h4 h5 38. Rc7 Kf6 39. Kg2 e5 40. e4
Ke6 41. c5 f5 42. Rc6+ Kf7 43. exf5 gxf5 44. Rc8 e4 45. Kf1 Ke6 46. c6 Kd6 47.
Rh8 Rxc6 48. Rxh5 Rc1+ 49. Kg2 Ke6 50. Rh6+ Kf7 51. Rb6 Kg7 52. h5 Rc2 53. h6+
Kh7 54. Kf1 Rc3 55. Ke2 Rf3 56. Rf6 Kg8 57. g4 fxg4 58. Rg6+ Kh7 59. Rxg4 Kxh6
60. Rxe4 Ra3 61. Rg4 Kh5 62. Rg8 Rb3 63. f3 Kh4 64. Rg4+ Kh5 65. Kf2 Rb2+ 66.
Kg3 Rb1 67. Ra4 Kg5 68. Ra5+ Kf6 69. Kg4 Rc1 70. Ra6+ Kf7 71. f4 Rc5 72. Rb6 Ra5
73. f5 Ra1 74. Rb7+ 1/2-1/2

[Event "FIDE Women's World Teams"]
[Site "Astana KAZ"]
[Date "2013.03.05"]
[Round "3.4"]
[White "Soumya,Sw"]
[Black "L'Ami,Alina"]
[Result "1-0"]
[WhiteElo "2283"]
[BlackElo "2353"]
[EventDate "2013.03.03"]

1. e4 c5 2. Nf3 d6 3. d4 cxd4 4. Nxd4 Nf6 5. Nc3 a6 6. Bg5 Nbd7 7. Qe2 b5 8. f4
e5 9. O-O-O exd4 10. e5 Be7 11. exf6 gxf6 12. Nd5 fxg5 13. Re1 gxf4 14. Nxe7 Ne5
15. Nc6 Qc7 16. Nxd4 Bb7 17. Qd2 O-O-O 18. Rg1 Rhg8 19. Bd3 Nxd3+ 20. Qxd3 Qc4
21. Qf5+ Kb8 22. Qxf4 Qxa2 23. Nb3 Bd5 24. Qd4 Be6 25. Qb6+ Kc8 26. Qc6+ Kb8 27.
Re3 Qa4 28. Re4 Bc4 29. Re7 1-0

[Event "FIDE Women's World Teams"]
[Site "Astana KAZ"]
[Date "2013.03.05"]
[Round "3.1"]
[White "Nakhbayeva,G"]
[Black "Lahno,Kateri"]
[Result "0-1"]
[WhiteElo "2344"]
[BlackElo "2547"]
[EventDate "2013.03.03"]

1. d4 Nf6 2. c4 g6 3. Nc3 Bg7 4. e4 d6 5. h3 O-O 6. Bg5 c5 7. d5 e6 8. Nf3 exd5
9. cxd5 Qe8 10. Bb5 Bd7 11. Bxd7 Nbxd7 12. Qe2 b5 13. Nd2 b4 14. Nd1 Qe5 15. f4
Qd4 16. Nf2 Nh5 17. Qf3 Qxb2 18. Rd1 Qxa2 19. Be7 Rfe8 20. Bxd6 Qxd5 21. Nb1 Bd4
22. Bc7 Qc6 23. Ba5 Qb5 0-1

[Event "FIDE Women's World Teams"]
[Site "Astana KAZ"]
[Date "2013.03.05"]
[Round "3.2"]
[White "Ushenina,A"]
[Black "Dauletova,G"]
[Result "1/2-1/2"]
[WhiteElo "2477"]
[BlackElo "2265"]
[EventDate "2013.03.03"]

1. d4 d5 2. c4 Nc6 3. Nf3 Bg4 4. Bf4 e6 5. e3 Bd6 6. Bg3 Nf6 7. Nc3 O-O 8. Be2
dxc4 9. Bxc4 e5 10. d5 Ne7 11. h3 Bh5 12. e4 a6 13. Be2 Bxf3 14. Bxf3 Ng6 15. h4
Nf4 16. h5 c6 17. Bh4 cxd5 18. exd5 Qb6 19. Bxf6 gxf6 20. g3 Qxb2 21. Ne4 Nd3+
22. Kf1 f5 23. Rb1 Qd4 24. Qd2 Be7 25. Rxb7 fxe4 26. Rxe7 exf3 27. Qg5+ Kh8 28.
Qf6+ Kg8 29. Qg5+ Kh8 30. Qf6+ Kg8 1/2-1/2

[Event "FIDE Women's World Teams"]
[Site "Astana KAZ"]
[Date "2013.03.05"]
[Round "3.4"]
[White "Gaponenko,I"]
[Black "Abdumalik,Z"]
[Result "0-1"]
[WhiteElo "2421"]
[BlackElo "2187"]
[EventDate "2013.03.03"]

1. e4 c5 2. Nf3 e6 3. g3 d6 4. Bg2 Nc6 5. d4 cxd4 6. Nxd4 Nf6 7. Nc3 Nxd4 8.
Qxd4 e5 9. Qd3 h6 10. f4 Be6 11. Qb5+ Bd7 12. Qxb7 h5 13. h3 Be7 14. f5 Rc8 15.
Qa6 d5 16. exd5 Bxf5 17. Be3 O-O 18. O-O Bxc2 19. Rf2 Bg6 20. Rd1 Bb4 21. d6
Bxc3 22. bxc3 Rxc3 23. Qxa7 Ne4 24. Bxe4 Bxe4 25. Kh2 f5 26. d7 Rc7 27. Qb6 Rxd7
28. Qe6+ Rff7 29. Rfd2 Rxd2+ 30. Rxd2 Qf6 31. Qc4 Kh7 32. Qe2 Qg6 33. Bc5 f4 34.
g4 hxg4 35. Qxg4 Qxg4 36. hxg4 Rc7 37. Bg1 Bf3 38. Kh3 Rc1 39. Bh2 Rh1 40. Kh4
e4 0-1

[Event "FIDE Women's World Teams"]
[Site "Astana KAZ"]
[Date "2013.03.05"]
[Round "3.3"]
[White "Cemhan,K"]
[Black "Galliamova,A"]
[Result "0-1"]
[WhiteElo "2025"]
[BlackElo "2459"]
[EventDate "2013.03.03"]

1. e4 c5 2. Nf3 e6 3. d4 cxd4 4. Nxd4 a6 5. Bd3 Bc5 6. Nb3 Ba7 7. Qe2 d6 8. O-O
Nf6 9. Be3 Bxe3 10. Qxe3 e5 11. c4 Be6 12. Nc3 Nbd7 13. Nd5 O-O 14. f3 Rb8 15.
Nxf6+ Qxf6 16. Rfd1 Rfc8 17. Rac1 Qd8 18. Bf1 Rc6 19. Nd2 Qc7 20. Nb1 Rc8 21. b3
b5 22. Nc3 Qa5 23. Nd5 Bxd5 24. cxd5 Rc2 25. Rxc2 Rxc2 26. a4 Nc5 27. axb5 axb5
28. Qg5 Nxb3 29. Qe7 Qb6+ 30. Kh1 Rc8 31. Qd7 Rb8 32. Rb1 Nd4 33. Rc1 Qd8 34.
Qa7 Rc8 35. Rb1 Ra8 36. Qb7 Rb8 37. Qa7 h6 38. Rc1 b4 39. h3 Ra8 40. Qb7 Rb8 41.
Qa7 Rc8 42. Rb1 b3 43. Qa6 Rc2 44. Bd3 Ra2 45. Qb7 Qf6 46. Qb8+ Kh7 47. Rf1 Qg5
48. Rg1 Nxf3 49. gxf3 Qd2 0-1

[Event "FIDE Women's World Teams"]
[Site "Astana KAZ"]
[Date "2013.03.05"]
[Round "3.4"]
[White "Girya,O"]
[Black "Kaya,E"]
[Result "1-0"]
[WhiteElo "2440"]
[BlackElo "1995"]
[EventDate "2013.03.03"]

1. d4 Nf6 2. c4 e6 3. Nf3 b6 4. g3 Ba6 5. b3 d5 6. Bg2 Bb7 7. Ne5 Nbd7 8. O-O c5
9. Bb2 cxd4 10. Bxd4 Nxe5 11. Bxe5 Bd6 12. Bb2 O-O 13. Nc3 Be5 14. Qd2 d4 15.
Nb5 Bxg2 16. Kxg2 Ne4 17. Qd3 Nc3 18. Bxc3 dxc3 19. Rac1 Qxd3 20. exd3 Rfd8 21.
Rfd1 Rd7 22. Kf3 Rad8 23. Ke2 f5 24. Nxc3 g5 25. Rd2 h5 26. Nb5 a6 27. Na3 f4
28. Nc2 g4 29. gxf4 Bxf4 30. Ne3 e5 31. Rh1 e4 32. d4 Rxd4 33. Rxd4 Rxd4 34. h3
Kf7 35. hxg4 hxg4 36. Rh4 Bxe3 37. fxe3 Rd6 38. Rxg4 Re6 39. Rh4 Ke7 40. Kd2
Rd6+ 41. Kc2 Rg6 42. Rxe4+ Kd6 43. Kc3 Rg1 44. Rd4+ Kc5 45. b4+ Kc6 46. Rd2 Rc1+
47. Kd4 b5 48. cxb5+ Kxb5 49. a3 Rc8 50. e4 Rd8+ 51. Ke3 Re8 52. Rd6 1-0

[Event "FIDE Women's World Teams"]
[Site "Astana KAZ"]
[Date "2013.03.05"]
[Round "3.2"]
[White "Krush,I"]
[Black "Huang Qian"]
[Result "1/2-1/2"]
[WhiteElo "2448"]
[BlackElo "2476"]
[EventDate "2013.03.03"]

1. d4 d6 2. Nf3 g6 3. c4 Bg7 4. Nc3 Bg4 5. g3 Nf6 6. Bg2 c6 7. O-O O-O 8. h3
Bxf3 9. Bxf3 e5 10. d5 c5 11. e4 a6 12. Be2 Nbd7 13. Bg5 h6 14. Be3 Kh7 15. Qd2
Ng8 16. a3 b6 17. b4 Ne7 18. Rab1 Ra7 19. Rb3 f5 20. exf5 gxf5 21. f4 Ng6 22.
Bd3 Kh8 23. Kh2 Rc7 24. b5 a5 25. fxe5 Ndxe5 26. Ne2 Nxd3 27. Rxd3 Re7 28. Nf4
Nxf4 29. Bxf4 Kh7 30. Re3 Rxe3 31. Bxe3 Qf6 32. Qd3 Qg6 33. Bf4 Re8 34. g4 fxg4
35. Qxg6+ Kxg6 36. Bxd6 Re2+ 37. Kh1 Rc2 38. hxg4 Rxc4 39. Bc7 Rd4 40. Bxb6 Rxd5
41. Bxa5 Rd3 42. a4 Ra3 43. Bc7 Rxa4 44. Rb1 Rb4 45. Rxb4 cxb4 46. b6 Bd4 47. b7
Ba7 48. Kg2 b3 49. Be5 h5 50. gxh5+ Kxh5 51. Kf3 Kg6 52. Ke4 Kf7 53. Kd5 Ke7 54.
Kc6 Ke6 55. Bb2 Bb8 56. Bc3 Bf4 57. Bb2 1/2-1/2

[Event "FIDE Women's World Teams"]
[Site "Astana KAZ"]
[Date "2013.03.05"]
[Round "3.3"]
[White "Tan Zhongyi"]
[Black "Abrahamyan,T"]
[Result "1-0"]
[WhiteElo "2471"]
[BlackElo "2300"]
[EventDate "2013.03.03"]

1. d4 Nf6 2. c4 g6 3. Nc3 Bg7 4. e4 d6 5. f3 O-O 6. Be3 Nc6 7. Nge2 a6 8. Qd2
Rb8 9. h4 b5 10. cxb5 axb5 11. h5 e5 12. d5 Na5 13. hxg6 fxg6 14. b3 Bd7 15. Rd1
b4 16. Nb1 Nh5 17. g4 Nf4 18. Nxf4 exf4 19. Bd4 Qe7 20. Bxg7 Kxg7 21. Qd4+ Kg8
22. Nd2 Rfe8 23. Rc1 Bb5 24. Qxb4 Bxf1 25. Qxa5 Bg2 26. Rxc7 Bxh1 27. Rxe7 Rxe7
28. Qa6 Rd7 29. Qf1 Rc7 30. Ke2 Ra8 31. a4 1-0

[Event "FIDE Women's World Teams"]
[Site "Astana KAZ"]
[Date "2013.03.05"]
[Round "3.2"]
[White "Javakhishvili,L"]
[Black "Maisuradze,N"]
[Result "1-0"]
[WhiteElo "2464"]
[BlackElo "2330"]
[EventDate "2013.03.03"]

1. d4 d5 2. c4 e6 3. Nc3 Be7 4. cxd5 exd5 5. Bf4 Nf6 6. e3 O-O 7. Bd3 c6 8. h3
Nbd7 9. Nf3 Re8 10. O-O Nf8 11. Qc2 Ne6 12. Bh2 g6 13. Rab1 a5 14. Na4 Ng7 15.
Qb3 b5 16. Nc5 Bxc5 17. dxc5 Ne4 18. Qc2 Qe7 19. Ne5 Qf6 20. Bxe4 dxe4 21. Rbd1
Bxh3 22. Qxe4 Bxg2 23. Kxg2 Qg5+ 24. Kh1 f6 25. Qxc6 fxe5 26. Rd7 Qh5 27. Qd5+
Kh8 28. c6 Nf5 29. c7 e4 30. Qd1 Qh3 31. Rg1 Rac8 32. Rd8 Kg8 33. Qd5+ Kf8 34.
Rxe8+ Rxe8 35. Qd1 Qf3+ 36. Qxf3 exf3 37. Rd1 Ke7 38. Rd5 Ng7 1-0

[Event "FIDE Women's World Teams"]
[Site "Astana KAZ"]
[Date "2013.03.05"]
[Round "3.3"]
[White "Collas,S"]
[Black "Khurtsidze,N"]
[Result "1/2-1/2"]
[WhiteElo "2282"]
[BlackElo "2437"]
[EventDate "2013.03.03"]

1. c4 Nf6 2. Nf3 e6 3. Nc3 b6 4. g3 Bb7 5. Bg2 Be7 6. O-O O-O 7. Re1 d5 8. cxd5
exd5 9. d4 Nbd7 10. Bf4 Nh5 11. Bd2 c5 12. dxc5 Nxc5 13. Nd4 Re8 14. Rc1 Bf8 15.
b4 Ne4 16. Nxe4 dxe4 17. Nf5 Qd5 18. Ne3 Qxa2 19. Rc7 Re7 20. Rxb7 Rxb7 21. Bxe4
Rd7 22. Bxa8 Rxd2 23. Qb1 Rxe2 24. Qxa2 Rxa2 25. Nd5 Nf6 26. Ne7+ Bxe7 27. Rxe7
Kf8 28. Rc7 Rb2 29. Rxa7 Rxb4 30. Bf3 Rb2 31. Rb7 g5 32. h3 h5 33. Bc6 Kg7 34.
Re7 Rc2 35. Ba4 Rb2 36. Bc6 Kg6 37. Re5 Rb4 38. Kg2 Rc4 39. Bb5 Rc5 40. Bd3+ Kg7
41. Re7 h4 42. Rb7 hxg3 43. fxg3 Rc3 44. Bf5 Nd5 45. Be4 Ne3+ 46. Kf2 Nd1+ 47.
Kg2 Rc4 48. Kf3 Nc3 49. Bd3 Rb4 50. Rc7 Nd5 51. Rd7 Nf6 52. Rb7 Rb3 53. Ke2 Nh5
54. Rxf7+ Kxf7 55. Bc4+ Kf6 56. Bxb3 Nxg3+ 57. Kf3 Nf5 58. Kg4 b5 59. Ba2 Ne3+
60. Kf3 Nc4 61. Ke4 Ne5 62. Bd5 Nc4 63. Bg8 Kg6 64. Kd4 Kh5 65. Kc5 Na3 66. Kb4
Nc2+ 67. Kxb5 Kh4 68. Kc4 Kxh3 69. Kd3 Nb4+ 70. Ke4 Kg3 71. Be6 Na6 72. Kf5 Kh4
73. Ke5 Nc5 74. Bc8 Nd3+ 75. Ke4 Nf4 76. Kf3 Ng6 77. Kg2 Nf4+ 1/2-1/2

[Event "FIDE Women's World Teams"]
[Site "Astana KAZ"]
[Date "2013.03.06"]
[Round "4.1"]
[White "Karavade,E"]
[Black "Dzagnidze,N"]
[Result "1-0"]
[WhiteElo "2387"]
[BlackElo "2554"]
[EventDate "2013.03.03"]

1. d4 Nf6 2. c4 e6 3. Nf3 b6 4. g3 Ba6 5. Qc2 c6 6. e4 d5 7. cxd5 Bxf1 8. Kxf1
cxd5 9. e5 Nfd7 10. Bg5 f6 11. exf6 gxf6 12. Bf4 Bg7 13. h4 O-O 14. h5 Rf7 15.
Kg2 Nf8 16. Nc3 a6 17. Rh4 f5 18. Ne5 Bxe5 19. Bxe5 Nc6 20. Re1 Rc8 21. Qd3 b5
22. Bf4 Qf6 23. Rd1 Rg7 24. Rhh1 Rg4 25. Qe3 Kf7 26. a4 bxa4 27. Nxa4 Nd7 28.
Rc1 Rgg8 29. Rhd1 Qh4 30. Rc3 Nf6 31. Rh1 Qg4 32. f3 Qg7 33. Nb6 e5 34. Nxc8
exf4 35. Nd6+ 1-0

[Event "FIDE Women's World Teams"]
[Site "Astana KAZ"]
[Date "2013.03.06"]
[Round "4.2"]
[White "Khotenashvili,B"]
[Black "Padmini,R"]
[Result "1-0"]
[WhiteElo "2499"]
[BlackElo "2316"]
[EventDate "2013.03.03"]

1. c4 Nf6 2. Nc3 e5 3. Nf3 Nc6 4. g3 g6 5. d4 exd4 6. Nxd4 Bg7 7. Nc2 d6 8. Bg2
O-O 9. O-O Ne5 10. b3 h5 11. Bg5 Qd7 12. Qd2 Rb8 13. Rad1 b6 14. Nd4 Bb7 15. Nd5
Nh7 16. Bh6 c6 17. Bxg7 Kxg7 18. Nf4 Kg8 19. Qb2 h4 20. Nf3 Nxf3+ 21. Bxf3 hxg3
22. hxg3 Rfd8 23. Kg2 Qe7 24. Rh1 Qf6 25. Qa3 a5 26. Rh6 Ng5 27. Rdh1 Qe5 28.
Qc1 Kg7 29. Qc2 Rg8 30. R1h4 Rbe8 31. Nxg6 fxg6 32. Rxg6+ Kf8 33. Rh5 Rxg6 34.
Qxg6 Nxf3 35. exf3 Re6 36. Rf5+ 1-0

[Event "FIDE Women's World Teams"]
[Site "Astana KAZ"]
[Date "2013.03.06"]
[Round "4.4"]
[White "Khurtsidze,N"]
[Black "Soumya,Sw"]
[Result "1/2-1/2"]
[WhiteElo "2437"]
[BlackElo "2283"]
[EventDate "2013.03.03"]

1. c4 Nf6 2. Nf3 g6 3. b4 Bg7 4. Bb2 O-O 5. e3 d6 6. d4 e5 7. Be2 Nbd7 8. Nc3
Re8 9. O-O e4 10. Nd2 Nf8 11. a4 h5 12. a5 Bf5 13. a6 b6 14. f3 Bh6 15. fxe4
Bxe3+ 16. Kh1 Be6 17. Nf3 Bh6 18. h3 Ng4 19. Bc1 Ne3 20. Bxe3 Bxe3 21. e5 dxe5
22. dxe5 Qe7 23. Qb3 Bf4 24. Rae1 Nd7 25. Bd3 c6 26. Nd4 Nxe5 27. Nxc6 Nxc6 28.
Nd5 Qd6 29. Nxf4 Qxb4 30. Qa2 Nd4 31. Qf2 Nf5 32. Nxe6 fxe6 33. g4 hxg4 34. hxg4
Qd6 35. gxf5 Qxd3 36. Qg2 Kh8 37. fxg6 Qd4 38. Re4 Qg7 39. Rh4+ Kg8 40. Rh7 Qe5
41. Rg1 Qf6 42. Qe4 Rab8 43. Rxa7 Rbd8 44. Rf7 Rd4 45. Rxf6 Rxe4 46. Rg3 Rxc4
47. Rf7 Ra4 48. Ra7 Rc8 49. g7 Rh4+ 50. Kg1 Rc1+ 51. Kf2 Rc2+ 52. Kf3 Rc3+ 53.
Kg2 Rc2+ 54. Kf3 Rc3+ 55. Kg2 Rc2+ 56. Kg1 Rc1+ 57. Kg2 Rc2+ 1/2-1/2

[Event "FIDE Women's World Teams"]
[Site "Astana KAZ"]
[Date "2013.03.06"]
[Round "4.2"]
[White "Maisuradze,N"]
[Black "Krush,I"]
[Result "0-1"]
[WhiteElo "2330"]
[BlackElo "2448"]
[EventDate "2013.03.03"]

1. d4 Nf6 2. Nf3 g6 3. Bg5 Bg7 4. Nbd2 c5 5. e3 b6 6. c3 O-O 7. a4 Ba6 8. Bxa6
Nxa6 9. Qe2 Qc8 10. O-O d5 11. Ne5 Nc7 12. b4 c4 13. f3 b5 14. a5 Qe6 15. Bh4
Nd7 16. Ng4 Qd6 17. f4 Nf6 18. f5 Nxg4 19. Qxg4 Qd7 20. h3 Rad8 21. Rae1 Kh8 22.
Re2 Ne8 23. e4 Nf6 24. Qf3 gxf5 25. exf5 Rde8 26. Rfe1 e6 27. Nf1 Ne4 28. f6 Bh6
29. Qh5 Bf4 30. Rxe4 dxe4 31. g3 Rg8 32. Rxe4 Bc7 33. Bg5 Qd5 34. Rh4 Qf5 35.
Qxf7 Ref8 36. Qxc7 Rxg5 37. Kg2 Rxf6 38. Ne3 Qf2+ 39. Kh1 Rf7 40. Qb8+ Kg7 41.
Ng2 Qxg3 42. Qxg3 Rxg3 43. Nf4 Rxc3 44. Nxe6+ Kf6 45. Nf4 Rc2 46. Rh5 Rd7 47.
Nd5+ Kg6 48. Nf4+ Kg7 49. Ne6+ Kf6 50. d5 Rf7 51. Kg1 Rd2 52. Nc5 Re7 53. Rh6+
Kg5 54. Re6 Rxe6 55. dxe6 Re2 56. Kf1 Re5 57. Kf2 Kf5 58. Kf3 Rxc5 59. bxc5 Kxe6
60. Ke4 c3 0-1

[Event "FIDE Women's World Teams"]
[Site "Astana KAZ"]
[Date "2013.03.06"]
[Round "4.3"]
[White "Abrahamyan,T"]
[Black "Safranska,A"]
[Result "1/2-1/2"]
[WhiteElo "2300"]
[BlackElo "2328"]
[EventDate "2013.03.03"]

1. e4 g6 2. d4 Bg7 3. Nc3 c6 4. f4 d5 5. e5 Nh6 6. Nf3 f6 7. Be2 Bg4 8. Be3 Nf5
9. Bf2 O-O 10. h3 Bxf3 11. Bxf3 fxe5 12. dxe5 e6 13. O-O Nd7 14. Ne2 Qe7 15. Re1
g5 16. Bg4 gxf4 17. Nxf4 Bxe5 18. Nd3 Bg7 19. c3 Qd6 20. Qb3 b6 21. Rad1 Kh8 22.
c4 Rad8 23. Qc2 Nd4 24. Bxd4 Bxd4+ 25. Kh1 e5 26. cxd5 cxd5 27. Qa4 Nf6 28. Bf3
a5 29. Nf4 e4 30. Qxd4 Qxf4 31. Rf1 Qg5 32. Be2 Rd6 33. Rf2 Kg8 34. Bc4 Rfd8 35.
Bb3 Re8 36. Re1 Qe5 37. Qd1 Kh8 38. Ref1 d4 39. Rf5 Qe7 40. Bc4 d3 41. b4 e3 42.
Bxd3 e2 43. Qxe2 Qxe2 44. Bxe2 Rxe2 45. Rxf6 Rxf6 46. Rxf6 axb4 47. Rxb6 Rxa2
48. Rxb4 Kg7 49. Kh2 Ra7 50. Rb5 Rc7 51. g4 Rc2+ 52. Kg3 Rc3+ 53. Kh4 Ra3 54. g5
Ra4+ 55. Kh5 Ra7 56. Kg4 Rc7 57. h4 Rc4+ 58. Kh5 Rc7 59. Rb4 Rd7 60. Kg4 h6 61.
Rb6 hxg5 62. hxg5 Rd1 63. Rb7+ 1/2-1/2

[Event "FIDE Women's World Teams"]
[Site "Astana KAZ"]
[Date "2013.03.06"]
[Round "4.4"]
[White "Collas,S"]
[Black "Foisor,S"]
[Result "1-0"]
[WhiteElo "2282"]
[BlackElo "2323"]
[EventDate "2013.03.03"]

1. d4 e6 2. Nf3 d5 3. c4 c6 4. Qc2 Bd6 5. g3 f5 6. Bg2 Nf6 7. O-O O-O 8. Nc3 Bd7
9. c5 Bc7 10. Bf4 Bxf4 11. gxf4 Be8 12. b4 Ne4 13. e3 Rf6 14. Nxe4 fxe4 15. Ne5
Rh6 16. f3 Qh4 17. Ng4 Rg6 18. Qf2 Qxf2+ 19. Kxf2 Nd7 20. Bh3 exf3 21. Kxf3 Nf6
22. Ne5 Rh6 23. Bxe6+ Kf8 24. Kg2 Ke7 25. Bf5 Rh5 26. Bd3 Bd7 27. Nxd7 Kxd7 28.
Rf3 Re8 29. Rg3 g6 30. b5 Ne4 31. Bxe4 Rxe4 32. a4 Re7 33. Rb1 b6 34. cxb6 axb6
35. bxc6+ Kxc6 36. Rf3 Rf5 37. Rb3 Ra7 38. Rb4 Re7 39. h4 Rf8 40. Kf2 Ra7 41. h5
Rf6 42. Rg3 Ra8 43. Rg1 Kd7 44. Rb5 Rd6 45. Rg5 Kc6 46. Rb4 Kd7 47. Kf3 Kc6 48.
Re5 Rf6 49. h6 Ra7 50. Kg4 Rd6 51. Kg5 Kd7 52. Kg4 Kc6 53. Re8 Kd7 54. Rh8 Kc6
55. Rb3 Rdd7 56. Rc8+ Kb7 57. Rg8 Rxa4 58. Rg7 Rc7 59. Kg5 Rc4 60. Kf6 Rc1 61.
Rb5 Rc6+ 62. Ke5 Rc3 63. Rxd5 Rxe3+ 64. Kd6 Rc3 65. Re5 Rc6+ 66. Kd5 b5 67. Re6
Rxe6 68. Kxe6 b4 69. Kd6 1-0

[Event "FIDE Women's World Teams"]
[Site "Astana KAZ"]
[Date "2013.03.06"]
[Round "4.1"]
[White "Gunina,V"]
[Black "Ju Wenjun"]
[Result "1-0"]
[WhiteElo "2505"]
[BlackElo "2505"]
[EventDate "2013.03.03"]

1. d4 d6 2. c4 e5 3. Nf3 Nd7 4. Nc3 g6 5. dxe5 dxe5 6. Bg5 f6 7. Bd2 Nc5 8. Qc2
Be6 9. e4 c6 10. Be2 Nh6 11. Rd1 Nd7 12. O-O Nf7 13. Nh4 Bh6 14. Nf5 Bf8 15. Be3
Qc7 16. f4 exf4 17. Bxf4 Nfe5 18. Nd4 Bc5 19. Kh1 Bxd4 20. Rxd4 O-O 21. Qd2 Rae8
22. b3 Qa5 23. Rd6 Nc5 24. Bh6 Rf7 25. b4 Qxb4 26. Rd8 Re7 27. Rxf6 Ncd7 28. Nd5
Qa3 29. Qa5 Qd6 30. c5 1-0

[Event "FIDE Women's World Teams"]
[Site "Astana KAZ"]
[Date "2013.03.06"]
[Round "4.3"]
[White "Pogonina,N"]
[Black "Tan Zhongyi"]
[Result "0-1"]
[WhiteElo "2475"]
[BlackElo "2471"]
[EventDate "2013.03.03"]

1. e4 d6 2. d4 Nf6 3. Nc3 g6 4. Be3 a6 5. Nf3 Bg7 6. Qd2 b5 7. Bh6 O-O 8. Bd3 e5
9. Bxg7 Kxg7 10. dxe5 dxe5 11. a4 Bb7 12. O-O b4 13. Ne2 a5 14. Ng3 Nbd7 15.
Rfd1 Qe7 16. Qg5 Qe6 17. Bb5 Nc5 18. Qxe5 Qxe5 19. Nxe5 Nfxe4 20. Nxe4 Bxe4 21.
Rd4 Rfd8 22. Rc4 Rd5 23. Ng4 Rg5 24. f3 Bb7 25. Re1 c6 26. Bxc6 Bxc6 27. Re5
Rxe5 28. Nxe5 Nxa4 29. Nxc6 Nxb2 30. Rc5 Rc8 31. Kf2 a4 32. Ke3 a3 0-1

[Event "FIDE Women's World Teams"]
[Site "Astana KAZ"]
[Date "2013.03.06"]
[Round "4.4"]
[White "Guo Qi"]
[Black "Galliamova,A"]
[Result "1-0"]
[WhiteElo "2435"]
[BlackElo "2459"]
[EventDate "2013.03.03"]

1. d4 d5 2. c4 dxc4 3. Nf3 e6 4. e3 Nf6 5. Bxc4 a6 6. a4 c5 7. O-O Nc6 8. Qe2
Qc7 9. Rd1 Bd6 10. dxc5 Bxc5 11. b3 O-O 12. Bb2 b6 13. Bxf6 gxf6 14. Nc3 Be7 15.
Rac1 Ne5 16. Bd5 Rb8 17. Nb5 Nxf3+ 18. Bxf3 Qe5 19. Na7 Qg5 20. Rc7 Ba3 21. Nc6
Qc5 22. Qc4 Qxc4 23. bxc4 Bb7 24. Nxb8 Bxf3 25. gxf3 Rxb8 26. Rdd7 Rf8 27. Rc6
Rb8 28. a5 bxa5 29. Rxa6 Bb4 30. Raa7 Kg7 31. Rxf7+ Kg6 32. Rxh7 e5 33. e4 Bf8
34. Rhb7 Rd8 35. Rxa5 Rd1+ 36. Kg2 Rc1 37. Rc7 Rc2 38. Ra8 Bb4 39. Rg8+ Kh6 40.
Rgg7 1-0

[Event "FIDE Women's World Teams"]
[Site "Astana KAZ"]
[Date "2013.03.06"]
[Round "4.4"]
[White "Sop,S"]
[Black "Gaponenko,I"]
[Result "1/2-1/2"]
[WhiteElo "2028"]
[BlackElo "2421"]
[EventDate "2013.03.03"]

1. e4 d6 2. d4 Nf6 3. Nc3 g6 4. Nf3 Bg7 5. h3 c6 6. Be2 O-O 7. O-O Nbd7 8. e5
Ne8 9. Bf4 dxe5 10. dxe5 Nc7 11. Bc4 Nb6 12. Bb3 Ne6 13. Be3 Qc7 14. Re1 Bd7 15.
Qc1 Rad8 16. a4 a5 17. Bh6 Bc8 18. Re4 f5 19. exf6 Rxf6 20. Bg5 Nd5 21. Bxf6
Bxf6 22. Qe1 Nc5 23. Bxd5+ cxd5 24. Nb5 Qb6 25. Rxe7 Ne6 26. Rxe6 Bxe6 27. c3
Bd7 28. Nfd4 Re8 29. Qd2 Qc5 30. Nb3 Qc4 31. Nxa5 Qe2 32. Qxd5+ Be6 33. Qxb7
Qxb2 34. Rf1 Bf7 35. Qc6 Re6 36. Qa8+ Kg7 37. Qc8 Qc2 38. Nb7 Re8 39. Qg4 Re4
40. Qc8 Re8 41. Qg4 Re4 42. Qd1 Qxd1 43. Rxd1 Rxa4 44. N7d6 Bb3 45. Rb1 Ba2 46.
Re1 Bg5 47. Nd4 Bd2 48. Re7+ Kf8 49. Re8+ Kg7 50. N4b5 Bd5 51. f3 Bf4 52. Re7+
Kf8 53. Re8+ Kg7 54. Re7+ Kf8 55. Re1 Bg3 56. Rc1 Ra2 57. c4 Bc6 58. Nc3 Rb2 59.
Nce4 Bf4 60. Re1 Rc2 61. c5 Be5 62. Rd1 h6 63. Kf1 Kg7 64. Rd2 Rc1+ 65. Ke2 Rg1
66. Kf2 Rc1 67. Ke3 Re1+ 68. Kd3 Bf4 69. Ra2 Rd1+ 70. Kc3 Be5+ 71. Kc2 Rg1 72.
Kd3 Rd1+ 73. Rd2 Ra1 74. Nc4 Bf4 75. Re2 Rd1+ 76. Ned2 Bb5 77. Kc2 Ba4+ 78. Kc3
Kf6 79. Kb4 Bd7 80. Ne4+ Kg7 81. Nc3 Rd3 82. Re4 Bg3 83. Ne5 Bxe5 84. Rxe5 Rd4+
85. Ka5 Bf5 86. Ne4 Rd1 87. c6 Kf8 88. c7 Ra1+ 89. Kb6 Bd7 90. Nd6 Rb1+ 91. Ka7
Rc1 92. Kb6 Rc2 93. Rc5 Rxg2 94. c8=Q+ Bxc8 95. Rxc8+ Ke7 96. Ne4 Rh2 97. Rc7+
Ke6 98. Rh7 h5 99. Rg7 Ke5 100. Rxg6 Rxh3 101. Nd2 Rh2 102. Nc4+ Kf4 103. Rf6+
Kg5 104. Rf8 h4 105. Ne5 Rf2 106. Kc5 h3 107. Ng4 Rc2+ 108. Kd4 Kh4 109. Ke3 Kg3
110. Rd8 Rc3+ 111. Rd3 Rxd3+ 112. Kxd3 Kxf3 113. Nh2+ Kg2 1/2-1/2

[Event "FIDE Women's World Teams"]
[Site "Astana KAZ"]
[Date "2013.03.06"]
[Round "4.1"]
[White "Foisor,C"]
[Black "Nakhbayeva,G"]
[Result "0-1"]
[WhiteElo "2401"]
[BlackElo "2344"]
[EventDate "2013.03.03"]

1. Nf3 Nf6 2. g3 b6 3. Bg2 Bb7 4. O-O e6 5. c4 Be7 6. b3 O-O 7. Bb2 d5 8. e3 c5
9. Nc3 Nbd7 10. Rc1 Rc8 11. Qe2 Re8 12. Rfd1 Qc7 13. cxd5 exd5 14. d4 Bf8 15.
Qc2 Bc6 16. Ne2 Qb7 17. Nf4 Bd6 18. Qf5 Bxf4 19. gxf4 c4 20. bxc4 dxc4 21. d5
Bxd5 22. Ne5 Nxe5 23. fxe5 Bxg2 24. exf6 g6 25. Qg5 Bh3 26. Qg3 Bf5 27. Bd4 b5
28. f3 b4 29. Qf4 Kh8 30. Qh6 Rg8 31. e4 Be6 32. h4 c3 33. Kf2 a5 34. Rg1 Qd7
35. Be3 Qd6 36. Rg5 Bxa2 37. Rcg1 a4 38. Rb5 b3 39. Rb6 Qf8 40. Qf4 b2 41. e5
Rb8 42. e6 Bxe6 43. Qxa4 Rxb6 44. Bxb6 Bf5 45. Qb3 Qb8 46. Kg2 b1=Q 47. Rxb1
Bxb1 48. Qxb1 c2 0-1